Tujuh ilmu pilihan dalam Bahasa Melayu yang mendahului Bahasa Inggeris : Jilid 1

Bibliographic Details
Main Author: Shaharir Mohamad Zain (Author)
Format: Book
Published: Kuala Lumpur : Dewan Bahasa dan Pustaka 2023
Subjects:

MARC

LEADER 00000cam a2200000 7i4500
001 0000093785
005 20240206165324.0
008
020 |a 9789834941628 (  |q paperback) 
040 |e rda 
041 |a Malay 
090 0 0 |a 418.8   |b SHA 
100 1 |a Shaharir Mohamad Zain ,   |e (author) 
245 1 0 |a Tujuh ilmu pilihan dalam Bahasa Melayu yang mendahului Bahasa Inggeris :   |b Jilid 1   |c Shaharir Mohamad Zain 
264 1 |a Kuala Lumpur :   |b Dewan Bahasa dan Pustaka   |c 2023 
300 |a 578 pages :   |b illustration ;   |c 23 cm. 
336 |a text  |2 rdacontent 
337 |a unmediated  |2 rdamedia 
338 |a volume  |2 rdacarrier 
500 |a Includes index 
504 |a Includes bibliographical references 
541 |c Donation book   |f Inisiatif Belanjawan 2023 
650 0 |a Language usage 
650 0 |a Malay language   |x History and criticism 
730 0 |a Title 
999 |a 0001754122   |b Book   |c Adult Collection   |e Perbadanan Perpustakaan Awam Johor 
999 |a 0001754123   |b Book   |c Adult Collection   |e Cawangan Urban Transformation Centre 
999 |a 0001754124   |b Book   |c Adult Collection   |e Cawangan AEON Kulaijaya 
999 |a 0001754125   |b Book   |c Adult Collection   |e Perbadanan Perpustakaan Awam Johor 
999 |a 0001754126   |b Book   |c Adult Collection   |e Cawangan Kota Tinggi 
999 |a 0001754127   |b Book   |c Adult Collection   |e Cawangan Tmn. Ungku Tun Aminah 
999 |a 0001754128   |b Book   |c Adult Collection   |e Cawangan Tmn. Ungku Tun Aminah 
999 |a 0001754129   |b Book   |c Adult Collection   |e Cawangan Segamat 
999 |a 0001754130   |b Book   |c Adult Collection   |e Perbadanan Perpustakaan Awam Johor 
999 |a 0001754131   |b Book   |c Adult Collection   |e Cawangan Muar 
999 |a 0001754132   |b Book   |c Adult Collection   |e Cawangan Bukit Gambir 
999 |a 0001754133   |b Book   |c Adult Collection   |e Cawangan Tangkak 
999 |a 0001754134   |b Book   |c Adult Collection   |e Cawangan Taman Sri Lambak 
999 |a 0001754135   |b Book   |c Adult Collection   |e Cawangan Segamat 
999 |a 0001754136   |b Book   |c Adult Collection   |e Cawangan Bandar Tenggara 
999 |a 0001754137   |b Book   |c Adult Collection   |e Cawangan Batu Pahat 
999 |a 0001754138   |b Book   |c Adult Collection   |e Cawangan Bandar Penawar 
999 |a 0001754139   |b Book   |c Adult Collection   |e Cawangan Mersing 
999 |a 0001754140   |b Book   |c Adult Collection   |e Cawangan Pontian